000
00171nam a22000857a 4500
082
_a
621.3DAV
100
_a
Davidon George
245
_a
Electricity in the house
942
_c
BK
999
_c
15200
_d
15200